Bayern Munich All-Time Starting XI - Statistics

General Stats
  • This quiz has been taken 525 times
  • The average score is 9 of 13
Answer Stats
Position Player % Correct
FW (1964-79) Gerd Müller
97%
MF (2008- ) Thomas Müller
97%
GK (1994-2008) Oliver Kahn
94%
DF (2001-17) Philipp Lahm
93%
DF (1964-77) Franz Beckenbauer
87%
FW (2009-19) Arjen Robben
83%
MF (2001-15) Bastian Schweinsteiger
77%
12th player (2011- ) Manuel Neuer
66%
MF (1984-88/92-2000) Lothar Matthäus
63%
FW (1974-84) Karl-Heinz Rummenigge
51%
DF (1970-74/78-83) Paul Breitner
27%
DF (1976-91) Klaus Augenthaler
15%
Coach (1970-75/83-87) Udo Lattek
12%
No matching quizzes found
Score Distribution
Percent of People with Each Score
Percentile by Number Answered
Your Score History
You have not taken this quiz